Situácia v nájomnom bývaní na území mesta Bratislava

Úloha štátu v rozvoji bývania. Štátna bytová politika. Nájomné bývanie v Bratislave. Druhy vlastníctva bytového fondu v Bratislavskom kraji. Ceny bytov v Bratislave v porovnaní so Stredoslovenským a Východoslovenským krajom.

Saved in:
Bibliographic Details
Main Author: Nováková, Michaela, 1977-
Format: Book Chapter
Language:Slovak
Subjects:
Tags: Add Tag
No Tags, Be the first to tag this record!

MARC

LEADER 00000naa$a2200000$$$4500
001 0248062
005 20240502103523.0
041 0 |a slo 
044 |a SK 
245 1 0 |a Situácia v nájomnom bývaní na území mesta Bratislava  |c Michaela Nováková 
520 |a Úloha štátu v rozvoji bývania. Štátna bytová politika. Nájomné bývanie v Bratislave. Druhy vlastníctva bytového fondu v Bratislavskom kraji. Ceny bytov v Bratislave v porovnaní so Stredoslovenským a Východoslovenským krajom. 
610 2 0 |a byty družstevné 
610 2 0 |a byty obecné 
610 2 0 |a byty súkromné 
610 2 0 |a bývanie 
610 2 0 |a politika bytová 
610 2 0 |a ceny 
610 2 0 |a mestá 
610 2 0 |a Slovensko 
100 1 |a Nováková, Michaela, 1977-